[Event "Barcelona Sant Marti op-B 23rd"]
[Site "Barcelona"]
[Date "2023.07.15"]
[Round "3"]
[White "Elizondo Marquet, Juan Marcos"]
[Black "Llanos Jimenez, Mauro Felipe"]
[Result "1-0"]
[WhiteElo "1745"]
[BlackElo "1641"]
[PlyCount "71"]
[EventDate "2023.07.13"]
[EventType "swiss"]
[EventRounds "9"]
[EventCountry "ESP"]
[SourceTitle "CBM 215 Extra"]
[Source "ChessBase"]
[SourceDate "2023.09.30"]
[SourceVersion "1"]
[SourceVersionDate "2023.09.30"]
[SourceQuality "1"]

1. c4 c5 2. g3 Nc6 3. Bg2 Nf6 4. Nc3 g6 5. Nf3 Bg7 6. d4 cxd4 7. Nxd4 0-0 8. 0-0 Ne5 9. b3 d6 10. Bb2 Bd7 11. h3 a6 12. Kh2 Qc8 13. Qd2 Nh5 14. Nd5 Re8 15. Nb6 Qc5 16. Nxa8 Rxa8 17. Bxb7 Ra7 18. Bg2 f5 19. Bd5+ e6 20. Nxe6 Bxe6 21. Bxe6+ Kf8 22. Rad1 Ke7 23. Bd5 Qc7 24. Bd4 Rb7 25. Bxb7 Qxb7 26. f4 Nf7 27. Bxg7 Nxg7 28. Qd5 Qb4 29. Qd2 Qa3 30. Rf3 Ne8 31. b4 Qa4 32. c5 dxc5 33. bxc5 Qc6 34. Re3+ Kf6 35. Qd4+ Ne5 36. Qxe5+ 1-0

[Event "Barcelona Sant Marti op-B 22nd"]
[Site "Barcelona"]
[Date "2022.07.18"]
[Round "6"]
[White "Fernandez Egea, Andres"]
[Black "Elizondo Marquet, Juan Marcos"]
[Result "0-1"]
[WhiteElo "1830"]
[BlackElo "1748"]
[PlyCount "150"]
[EventDate "2022.07.13"]
[EventType "swiss"]
[EventRounds "9"]
[EventCountry "ESP"]
[SourceTitle "CBM 210 Extra"]
[Source "ChessBase"]
[SourceDate "2022.11.30"]
[SourceVersion "1"]
[SourceVersionDate "2022.11.30"]
[SourceQuality "1"]

1. e4 c5 2. c3 d5 3. exd5 Qxd5 4. d4 Nc6 5. Nf3 Bf5 6. Be3 Nf6 7. Nbd2 cxd4 8. Bc4 Qd6 9. cxd4 e6 10. 0-0 Be7 11. Rc1 0-0 12. Qe2 Rfd8 13. Rfd1 h6 14. Bb5 Rac8 15. Bxc6 Rxc6 16. Ne5 Rxc1 17. Rxc1 Nd5 18. Qf3 Bf6 19. Ne4 Bxe4 20. Qxe4 Nxe3 21. fxe3 Bxe5 22. Qxe5 Qxe5 23. dxe5 Rd2 24. Rc8+ Kh7 25. Rc7 Rxb2 26. Rxf7 a5 27. a4 Kg6 28. Rf4 Rb4 29. Kf2 Rb1 30. h3 b5 31. Rg4+ Kh7 32. axb5 Rxb5 33. Ra4 Rxe5 34. g4 Kg6 35. h4 Rb5 36. Kf3 Kf6 37. Rc4 Rb4 38. Rc5 a4 39. Ra5 g6 40. e4 Rb3+ 41. Ke2 a3 42. e5+ Ke7 43. Kd2 Kd7 44. Kc2 Rh3 45. g5 hxg5 46. hxg5 Kc6 47. Ra8 Rg3 48. Ra6+ Kd5 49. Ra5+ Ke4 50. Kb1 Kf5 51. Ra8 Kxg5 52. Rf8 Re3 53. Ka2 Kg4 54. Rf6 Rxe5 55. Rxg6+ Kf5 56. Rh6 Re3 57. Rh4 e5 58. Rh8 e4 59. Rf8+ Kg4 60. Rg8+ Kf3 61. Rf8+ Ke2 62. Re8 Kd2 63. Re7 Ke1 64. Re8 Kf2 65. Re7 Kf3 66. Rf7+ Kg4 67. Rg7+ Kf5 68. Rg8 Rd3 69. Rf8+ Kg4 70. Re8 Kf3 71. Rf8+ Ke2 72. Rh8 e3 73. Rh2+ Kd1 74. Rh1+ Kd2 75. Rh8 e2 0-1

[Event "Barcelona Sant Marti op-B 22nd"]
[Site "Barcelona"]
[Date "2022.07.14"]
[Round "2"]
[White "Porta Chicote, David"]
[Black "Elizondo Marquet, Juan Marcos"]
[Result "0-1"]
[WhiteElo "1457"]
[BlackElo "1748"]
[PlyCount "90"]
[EventDate "2022.07.13"]
[EventType "swiss"]
[EventRounds "9"]
[EventCountry "ESP"]
[SourceTitle "CBM 210 Extra"]
[Source "ChessBase"]
[SourceDate "2022.11.30"]
[SourceVersion "1"]
[SourceVersionDate "2022.11.30"]
[SourceQuality "1"]

1. e4 c5 2. Bc4 e6 3. Nc3 Nc6 4. Nf3 d6 5. d4 cxd4 6. Nxd4 Nf6 7. Be3 Be7 8. a3 0-0 9. 0-0 Nxe4 10. Nxe4 d5 11. Bxd5 exd5 12. Ng3 g6 13. Bh6 Re8 14. Re1 Bf6 15. Rxe8+ Qxe8 16. c3 Nxd4 17. cxd4 Be6 18. Qd2 Rc8 19. Bf4 Qa4 20. Ne2 Rc2 21. Nc3 Rxd2 22. Nxa4 Rxd4 23. Bd6 Rxa4 24. Bb4 Ra6 25. Bc3 Bxc3 26. bxc3 Rc6 27. Rc1 d4 28. c4 Rxc4 29. Rxc4 Bxc4 30. f3 f5 31. Kf2 Kf7 32. Ke1 b5 33. Kd2 Ke6 34. g3 Kd5 35. h3 a5 36. Kc2 b4 37. axb4 axb4 38. Kd2 Bf1 39. h4 Kc4 40. Kc2 d3+ 41. Kb2 Be2 42. f4 Bd1 43. Kc1 Ba4 44. Kd2 Kb3 45. Kxd3 Ka2 0-1

[Event "Barcelona Sant Marti op-B 21st"]
[Site "Barcelona"]
[Date "2019.07.19"]
[Round "7"]
[White "Marcos Rodriguez, Raul"]
[Black "Elizondo Marquet, Juan Marcos"]
[Result "0-1"]
[WhiteElo "1354"]
[BlackElo "1868"]
[PlyCount "80"]
[EventDate "2019.07.13"]
[EventType "swiss"]
[EventRounds "9"]
[EventCountry "ESP"]
[SourceTitle "EXT 2020"]
[Source "ChessBase"]
[SourceDate "2019.10.17"]
[SourceVersion "1"]
[SourceVersionDate "2019.10.17"]
[SourceQuality "1"]

1. e4 c5 2. Nf3 d6 3. d4 cxd4 4. Nxd4 Nf6 5. Nc3 Nc6 6. g3 g6 7. Bg2 Bg7 8. Nxc6 bxc6 9. e5 Nd5 10. Nxd5 cxd5 11. Bxd5 Rb8 12. exd6 Qxd6 13. 0-0 0-0 14. Bf4 Be5 15. Bxe5 Qxe5 16. b3 Bf5 17. Re1 Qf6 18. Qe2 Rfd8 19. Be4 Bxe4 20. Qxe4 Rd2 21. Qe3 Rxc2 22. Qxa7 Rb6 23. Qa8+ Kg7 24. Qg2 Re6 25. Qf1 Rd6 26. Rec1 Rb2 27. Qg2 Rdd2 28. Rf1 Rxa2 29. Rxa2 Rxa2 30. Qd5 Rb2 31. Qc4 e6 32. b4 Qe5 33. Rc1 h5 34. Qc5 Qe2 35. Qd4+ e5 36. Qc5 g5 37. Kg2 h4 38. Rh1 Qe4+ 39. Kh3 g4+ 40. Kxh4 Rxb4 0-1

[Event "Barcelona Sant Marti op-B 21st"]
[Site "Barcelona"]
[Date "2019.07.18"]
[Round "6"]
[White "Padin Jimenez, Oriol"]
[Black "Elizondo Marquet, Juan Marcos"]
[Result "1-0"]
[WhiteElo "1514"]
[BlackElo "1868"]
[PlyCount "59"]
[EventDate "2019.07.13"]
[EventType "swiss"]
[EventRounds "9"]
[EventCountry "ESP"]
[SourceTitle "EXT 2020"]
[Source "ChessBase"]
[SourceDate "2019.10.17"]
[SourceVersion "1"]
[SourceVersionDate "2019.10.17"]
[SourceQuality "1"]

1. d4 d5 2. c4 dxc4 3. Nf3 Nf6 4. e3 Bg4 5. Bxc4 e6 6. Nc3 Nbd7 7. 0-0 Bd6 8. h3 Bh5 9. e4 e5 10. g4 Bg6 11. dxe5 Nxe5 12. Nxe5 Bxe5 13. f4 Bd4+ 14. Kh2 h6 15. f5 Be5+ 16. Bf4 Bxf4+ 17. Rxf4 Bh7 18. e5 Qxd1 19. Rxd1 Ng8 20. Nb5 Rc8 21. Nxa7 Ra8 22. Nb5 Rc8 23. e6 fxe6 24. Bxe6 Rd8 25. Bf7+ Kxf7 26. Rxd8 g6 27. f6 g5 28. Nxc7 Bg6 29. Rd7+ Kf8 30. f7 1-0

[Event "Barcelona Sant Marti op-B 21st"]
[Site "Barcelona"]
[Date "2019.07.16"]
[Round "4"]
[White "Taltavull Hidalgo, Artur"]
[Black "Elizondo Marquet, Juan Marcos"]
[Result "1-0"]
[WhiteElo "1663"]
[BlackElo "1868"]
[PlyCount "35"]
[EventDate "2019.07.13"]
[EventType "swiss"]
[EventRounds "9"]
[EventCountry "ESP"]
[SourceTitle "EXT 2020"]
[Source "ChessBase"]
[SourceDate "2019.10.17"]
[SourceVersion "1"]
[SourceVersionDate "2019.10.17"]
[SourceQuality "1"]

1. e4 c5 2. Nf3 d6 3. d4 cxd4 4. Nxd4 Nf6 5. Nc3 Nc6 6. f3 e5 7. Nb3 Be7 8. Bc4 Be6 9. Nd5 Bxd5 10. Bxd5 Nxd5 11. Qxd5 Qb6 12. Bd2 a5 13. a4 0-0 14. Qb5 Qc7 15. 0-0 Rfc8 16. Be3 Bd8 17. c3 Ne7 18. Qe8# 1-0

[Event "Getxo Semana Santa U2200 op 1st"]
[Site "Getxo"]
[Date "2019.04.24"]
[Round "3"]
[White "Elizondo Marquet, Juan Marcos"]
[Black "Rayo Sierra, Cayetano"]
[Result "1-0"]
[WhiteElo "1835"]
[BlackElo "1796"]
[PlyCount "67"]
[EventDate "2019.04.22"]
[EventType "swiss"]
[EventRounds "7"]
[EventCountry "ESP"]
[SourceTitle "EXT 2024"]
[Source "ChessBase"]
[SourceDate "2023.10.10"]
[SourceVersion "1"]
[SourceVersionDate "2023.10.10"]
[SourceQuality "1"]

1. e4 c5 2. Nf3 a6 3. c4 d6 4. d4 cxd4 5. Nxd4 Nc6 6. Nc3 Nf6 7. Be2 e6 8. 0-0 Be7 9. Kh1 Qc7 10. f4 0-0 11. Be3 Nd7 12. Rc1 Nxd4 13. Bxd4 b6 14. Qe1 Bb7 15. Qg3 Bf6 16. Bxf6 Nxf6 17. Bd3 Rad8 18. f5 e5 19. Nd5 Bxd5 20. cxd5 Qa7 21. Rc6 Rd7 22. Qe3 Rb8 23. Rfc1 Kf8 24. R1c3 h6 25. h3 Ne8 26. Qc1 Rbb7 27. Ra3 a5 28. Qe3 Rdc7 29. Rcc3 Rxc3 30. Rxc3 Nc7 31. Rc6 b5 32. Qxa7 Rxa7 33. Rb6 b4 34. Rxd6 1-0

[Event "Elgoibar Danobat U2200 op 1st"]
[Site "Elgoibar"]
[Date "2018.11.08"]
[Round "4"]
[White "Elizondo Marquet, Juan Marcos"]
[Black "Gallastegui Arregi, Aitor"]
[Result "1-0"]
[WhiteElo "1777"]
[BlackElo "1890"]
[PlyCount "57"]
[EventDate "2018.09.27"]
[EventType "swiss"]
[EventRounds "7"]
[EventCountry "ESP"]
[SourceTitle "EXT 2020"]
[Source "ChessBase"]
[SourceDate "2019.10.17"]
[SourceVersion "1"]
[SourceVersionDate "2019.10.17"]
[SourceQuality "1"]

1. e4 e5 2. Nf3 Nc6 3. d4 exd4 4. Nxd4 Bc5 5. Nb3 Bb6 6. Nc3 Qf6 7. Qe2 Nge7 8. Be3 0-0 9. 0-0-0 d6 10. h4 Bxe3+ 11. Qxe3 Be6 12. Nd5 Bxd5 13. exd5 Nb4 14. Bc4 Nxa2+ 15. Kb1 Nb4 16. g4 Ng6 17. g5 Qe5 18. Qd2 a5 19. h5 Nf4 20. Rh4 b5 21. Rxf4 bxc4 22. Rxc4 Rfb8 23. f4 Qe8 24. h6 Na6 25. Qc3 Qf8 26. Nxa5 Nc5 27. Nc6 Rb6 28. Ne7+ Kh8 29. Nf5 1-0

[Event "Barcelona Sant Marti op-B 20th"]
[Site "Barcelona"]
[Date "2018.07.18"]
[Round "6"]
[White "Valarezo Ricard, Pedro"]
[Black "Elizondo Marquet, Juan Marcos"]
[Result "0-1"]
[WhiteElo "1866"]
[BlackElo "1767"]
[PlyCount "105"]
[EventDate "2018.07.13"]
[EventType "swiss"]
[EventRounds "9"]
[EventCountry "ESP"]
[SourceTitle "EXT 2019"]
[Source "ChessBase"]
[SourceDate "2018.10.10"]
[SourceVersion "1"]
[SourceVersionDate "2018.10.10"]
[SourceQuality "1"]

1. d4 d5 2. Bf4 c5 3. e3 Nc6 4. c3 Qb6 5. Qb3 c4 6. Qxb6 axb6 7. Nf3 Nf6 8. Be2 b5 9. 0-0 b4 10. Ne5 Bf5 11. Nxc6 bxc6 12. cxb4 e6 13. f3 Bxb4 14. a3 Kd7 15. g4 Bc2 16. Rc1 Bb3 17. Nc3 Bd6 18. Bg5 h6 19. Bxf6 gxf6 20. Bd1 Bxd1 21. Rxd1 h5 22. Rd2 hxg4 23. fxg4 Rh3 24. Re1 Rah8 25. Ree2 R8h4 26. Rg2 Rxe3 27. Rde2 Rd3 28. g5 fxg5 29. Rxg5 Rdxd4 30. Rg7 Rdg4+ 31. Rg2 Bxh2+ 32. Kf1 Rxg2 33. Rxg2 d4 34. Na4 d3 35. Ke1 Be5 36. Kd2 Bf4+ 37. Kc3 Be3 38. b4 d2 39. Kc2 Rh1 40. Rxd2+ Bxd2 41. Kxd2 Rh2+ 42. Kc3 Rh3+ 43. Kb2 Kd6 44. Nb6 c3+ 45. Kb3 Kc7 46. Nc4 f5 47. a4 f4 48. a5 Kb7 49. Nd6+ Ka6 50. Ne4 f3 51. Kc2 Rh2+ 52. Kxc3 f2 53. Nd2 0-1

[Event "Barcelona Sant Marti op-B 20th"]
[Site "Barcelona"]
[Date "2018.07.17"]
[Round "5"]
[White "Elizondo Marquet, Juan Marcos"]
[Black "Pera Muntasell, Marc"]
[Result "1/2-1/2"]
[WhiteElo "1767"]
[BlackElo "1920"]
[PlyCount "61"]
[EventDate "2018.07.13"]
[EventType "swiss"]
[EventRounds "9"]
[EventCountry "ESP"]
[SourceTitle "EXT 2019"]
[Source "ChessBase"]
[SourceDate "2018.10.10"]
[SourceVersion "1"]
[SourceVersionDate "2018.10.10"]
[SourceQuality "1"]

1. e4 c5 2. Nf3 d6 3. d4 cxd4 4. Nxd4 Nf6 5. Nc3 a6 6. Bg5 e6 7. Qe2 Be7 8. h4 b5 9. a3 Bb7 10. 0-0-0 0-0 11. g4 Nc6 12. f4 Qc7 13. Bg2 Nxd4 14. Rxd4 e5 15. Rd3 exf4 16. Bxf4 Nd7 17. Nd5 Bxd5 18. exd5 Bf6 19. g5 Be5 20. Bxe5 Nxe5 21. Rc3 Qa5 22. Qe4 Rac8 23. Rhh3 Qb6 24. Qe3 Qb7 25. Qd4 a5 26. Rxc8 Rxc8 27. Rc3 Ra8 28. Rh3 Re8 29. Re3 Qe7 30. Kb1 f6 31. gxf6 1/2-1/2

[Event "Barcelona Sant Marti op-B 20th"]
[Site "Barcelona"]
[Date "2018.07.15"]
[Round "3"]
[White "Elizondo Marquet, Juan Marcos"]
[Black "Morais Carreras, Javier"]
[Result "0-1"]
[WhiteElo "1767"]
[BlackElo "1913"]
[PlyCount "100"]
[EventDate "2018.07.13"]
[EventType "swiss"]
[EventRounds "9"]
[EventCountry "ESP"]
[SourceTitle "EXT 2019"]
[Source "ChessBase"]
[SourceDate "2018.10.10"]
[SourceVersion "1"]
[SourceVersionDate "2018.10.10"]
[SourceQuality "1"]

1. e4 e5 2. Nf3 Nf6 3. d4 Nxe4 4. Bd3 d5 5. Nxe5 Nd7 6. Nxd7 Bxd7 7. 0-0 Bd6 8. Qh5 Nf6 9. Re1+ Be7 10. Qe2 Be6 11. Bf4 0-0 12. Nd2 h6 13. Rad1 Bd6 14. Be5 Ng4 15. Bxd6 Qxd6 16. Nf3 Rae8 17. Qd2 Nf6 18. Ne5 Bg4 19. f3 Bc8 20. Qf2 Nd7 21. f4 a6 22. c4 dxc4 23. Bxc4 Nf6 24. f5 Nd5 25. Bxd5 Qxd5 26. f6 g6 27. Qg3 Kh7 28. a3 Bf5 29. Qf2 Qd6 30. Rc1 c6 31. Nc4 Qxf6 32. Qf4 Qg5 33. Qxg5 hxg5 34. Nd6 Rd8 35. Nxb7 Rxd4 36. Rxc6 Be4 37. Rc7 Kh6 38. Nc5 Bd5 39. Re2 Rd1+ 40. Kf2 Bc4 41. Rc2 Rf1+ 42. Kg3 Re8 43. h3 Re3+ 44. Kh2 Bd5 45. Nxa6 Ree1 46. Nb4 Be4 47. Rd2 f5 48. Nd3 Bxd3 49. Rxd3 f4 50. g4 Rf2# 0-1

[Event "Barcelona Sant Marti op-B 19th"]
[Site "Barcelona"]
[Date "2017.07.21"]
[Round "9"]
[White "Elizondo Marquet, Juan Marcos"]
[Black "Sagar, Siya"]
[Result "0-1"]
[WhiteElo "1887"]
[BlackElo "1608"]
[PlyCount "74"]
[EventDate "2017.07.13"]
[EventType "swiss"]
[EventRounds "9"]
[EventCountry "ESP"]
[SourceTitle "EXT 2018"]
[Source "ChessBase"]
[SourceDate "2017.10.13"]
[SourceVersion "1"]
[SourceVersionDate "2017.10.13"]
[SourceQuality "1"]

1. e4 e5 2. Nf3 Nc6 3. d4 exd4 4. Nxd4 Bc5 5. Nb3 Bb6 6. Nc3 Nf6 7. Qe2 0-0 8. Be3 Re8 9. f3 Bxe3 10. Qxe3 a6 11. 0-0-0 d6 12. g4 b5 13. h4 b4 14. Ne2 a5 15. Ned4 Nxd4 16. Nxd4 Nd5 17. Qd2 Nb6 18. g5 Bb7 19. Bb5 Re5 20. Nc6 Bxc6 21. Bxc6 Rb8 22. f4 Rc5 23. Bd5 c6 24. Bb3 a4 25. Bxf7+ Kxf7 26. Qxb4 Rc4 27. Qa3 Rxe4 28. Rxd6 Qe7 29. Rhd1 Nc4 30. Qg3 Nxd6 31. f5 Qe5 32. g6+ hxg6 33. Qxg6+ Kg8 34. c3 Re1 35. Qg4 Qe3+ 36. Kc2 Re2+ 37. Kb1 Rbxb2+ 0-1

[Event "Barcelona Sant Marti op-B 19th"]
[Site "Barcelona"]
[Date "2017.07.19"]
[Round "7"]
[White "Elizondo Marquet, Juan Marcos"]
[Black "Garcia Punzano, Josep Lluis"]
[Result "0-1"]
[WhiteElo "1887"]
[BlackElo "1683"]
[PlyCount "62"]
[EventDate "2017.07.13"]
[EventType "swiss"]
[EventRounds "9"]
[EventCountry "ESP"]
[SourceTitle "EXT 2018"]
[Source "ChessBase"]
[SourceDate "2017.10.13"]
[SourceVersion "1"]
[SourceVersionDate "2017.10.13"]
[SourceQuality "1"]

1. e4 c5 2. Nf3 d6 3. d4 cxd4 4. Nxd4 Nf6 5. Nc3 g6 6. Bc4 Bg7 7. h3 0-0 8. 0-0 Nc6 9. Nf3 Bd7 10. Re1 a6 11. Bg5 Qc7 12. Bxf6 exf6 13. Nd5 Qa5 14. c3 Rfe8 15. b4 Qd8 16. a4 Be6 17. Nd4 Bxd5 18. Bxd5 Nxd4 19. cxd4 Qb6 20. Qb3 Re7 21. Red1 Rae8 22. a5 Qa7 23. Qc4 Qb8 24. Rac1 Bh6 25. Rc2 f5 26. exf5 Re1+ 27. Rxe1 Rxe1+ 28. Kh2 Kg7 29. Bxf7 d5+ 30. Qc7 Qxc7+ 31. Rxc7 Bf4+ 0-1

[Event "Barcelona Sant Marti op-B 19th"]
[Site "Barcelona"]
[Date "2017.07.14"]
[Round "2"]
[White "Volart Buil, Jordi"]
[Black "Elizondo Marquet, Juan Marcos"]
[Result "0-1"]
[WhiteElo "1754"]
[BlackElo "1887"]
[PlyCount "74"]
[EventDate "2017.07.13"]
[EventType "swiss"]
[EventRounds "9"]
[EventCountry "ESP"]
[SourceTitle "EXT 2018"]
[Source "ChessBase"]
[SourceDate "2017.10.13"]
[SourceVersion "1"]
[SourceVersionDate "2017.10.13"]
[SourceQuality "1"]

1. d4 d5 2. c4 dxc4 3. Nc3 a6 4. a4 Nc6 5. Nf3 Bg4 6. e3 Na5 7. h3 Bh5 8. g4 Bg6 9. Ne5 Nf6 10. Nxc4 Nxc4 11. Bxc4 e6 12. Be2 Bb4 13. Bd2 c5 14. Na2 Bxd2+ 15. Qxd2 Ne4 16. Qd1 Qh4 17. Rh2 Rd8 18. Nc3 cxd4 19. exd4 Qf6 20. Nxe4 Bxe4 21. Qb3 0-0 22. Rd1 Rxd4 23. Rxd4 Qxd4 24. h4 Rc8 25. Bd1 Rc1 26. Rh3 Bc2 27. Qxc2 Rxc2 28. Bxc2 Qxg4 29. Rd3 g6 30. Bd1 Qxh4 31. Bf3 Qb4+ 32. Rd2 b6 33. Bc6 h5 34. Kd1 h4 35. Rd8+ Kg7 36. Rd2 h3 37. Kc1 h2 0-1

[Event "Barcelona Sant Marti op-B 18th"]
[Site "Barcelona"]
[Date "2016.07.15"]
[Round "3.9"]
[White "Valbuena Castro, Gregorio"]
[Black "Elizondo Marquet, Juan Marcos"]
[Result "1-0"]
[WhiteElo "1724"]
[BlackElo "1870"]
[PlyCount "95"]
[EventDate "2016.07.13"]
[EventType "swiss"]
[EventRounds "9"]
[EventCountry "ESP"]
[SourceTitle "EXT 2024"]
[Source "ChessBase"]
[SourceDate "2023.10.10"]
[SourceVersion "1"]
[SourceVersionDate "2023.10.10"]
[SourceQuality "1"]

1. e4 c5 2. b4 cxb4 3. d4 e6 4. a3 d5 5. e5 Bd7 6. axb4 Qb6 7. c3 Bb5 8. Bxb5+ Qxb5 9. Ne2 Ne7 10. Na3 Qc6 11. 0-0 a5 12. b5 Qb6 13. c4 Ng6 14. c5 Qd8 15. b6 Qd7 16. f4 Be7 17. Qc2 Nh4 18. g3 Nf5 19. g4 Nh6 20. h3 Na6 21. Bd2 Nb4 22. Qb3 Na6 23. Nb5 0-0 24. Bxa5 Nxc5 25. dxc5 Bxc5+ 26. Kh2 Qe7 27. Nc7 Rad8 28. Be1 d4 29. Rf3 d3 30. Rxd3 Rxd3 31. Qxd3 Bxb6 32. Nb5 Qc5 33. Rc1 Qe7 34. Qd6 Bd8 35. Qxe7 Bxe7 36. Rc7 Re8 37. Rxb7 Bc5 38. Nd6 Ra8 39. Ng3 Ra2+ 40. Kh1 g6 41. g5 Nf5 42. Ngxf5 gxf5 43. Bb4 Be3 44. Nxf7 Ra8 45. Nh6+ Kh8 46. Be7 Ra1+ 47. Kg2 Kg7 48. Bc5+ 1-0

[Event "Barcelona Sant Marti op-B 18th"]
[Site "Barcelona"]
[Date "2016.07.14"]
[Round "2.21"]
[White "Elizondo Marquet, Juan Marcos"]
[Black "Tortosa Moros, Joan"]
[Result "1-0"]
[WhiteElo "1870"]
[BlackElo "1719"]
[PlyCount "61"]
[EventDate "2016.07.13"]
[EventType "swiss"]
[EventRounds "9"]
[EventCountry "ESP"]
[SourceTitle "EXT 2024"]
[Source "ChessBase"]
[SourceDate "2023.10.10"]
[SourceVersion "1"]
[SourceVersionDate "2023.10.10"]
[SourceQuality "1"]

1. e4 c5 2. Nf3 Nc6 3. d4 cxd4 4. Nxd4 g6 5. Bc4 e6 6. Nc3 a6 7. a4 Bg7 8. Nf3 Qc7 9. Ba2 Nb4 10. Bb3 Bxc3+ 11. bxc3 Qxc3+ 12. Bd2 Qc5 13. 0-0 Nc6 14. Qe2 Nd4 15. Nxd4 Qxd4 16. Qe1 Qg7 17. Bc3 f6 18. f4 Ne7 19. f5 gxf5 20. exf5 Rg8 21. g3 Rf8 22. fxe6 d6 23. Rd1 h5 24. Rxd6 h4 25. Qd2 Nc6 26. Rd1 Qc7 27. Qh6 hxg3 28. Qg6+ Rf7 29. Qxf7+ Qxf7 30. exf7+ Ke7 31. Bxf6+ 1-0

[Event "Bordeaux-ch 48th"]
[Site "Bordeaux"]
[Date "2015.05.14"]
[Round "6"]
[White "Quillien, Emmanuel"]
[Black "Elizondo Marquet, Juan Marcos"]
[Result "1-0"]
[WhiteElo "2175"]
[BlackElo "1853"]
[PlyCount "41"]
[EventDate "2015.05.14"]
[EventType "swiss"]
[EventRounds "7"]
[EventCountry "FRA"]
[SourceTitle "CBM 166 Extra"]
[Source "ChessBase"]
[SourceDate "2015.06.18"]
[SourceVersion "1"]
[SourceVersionDate "2015.06.18"]
[SourceQuality "1"]

1. e3 d5 2. Nf3 Nf6 3. c4 dxc4 4. Bxc4 e6 5. 0-0 c5 6. d4 a6 7. Qe2 b5 8. Bb3 Bb7 9. Rd1 Qc7 10. a4 b4 11. Nbd2 a5 12. e4 cxd4 13. e5 Nd5 14. Nc4 Nc6 15. Nxd4 Nxd4 16. Rxd4 Bc5 17. Rg4 g6 18. Bh6 0-0-0 19. Rc1 Ba6 20. Qf3 Bxc4 21. Rgxc4 1-0

[Event "Torredembarra op 16th"]
[Site "Torredembarra"]
[Date "2014.07.08"]
[Round "4"]
[White "Elizondo Marquet, Juan Marcos"]
[Black "Lasinskas, Povilas"]
[Result "0-1"]
[WhiteElo "1837"]
[BlackElo "2212"]
[PlyCount "62"]
[EventDate "2014.07.05"]
[EventType "swiss"]
[EventRounds "9"]
[EventCountry "ESP"]
[SourceTitle "CBM 161 Extra"]
[Source "ChessBase"]
[SourceDate "2014.08.29"]
[SourceVersion "1"]
[SourceVersionDate "2014.08.29"]
[SourceQuality "1"]

1. e4 e5 2. Nf3 Nc6 3. d4 exd4 4. Nxd4 Bc5 5. Nb3 Bb6 6. Nc3 d6 7. Qe2 Nge7 8. Be3 0-0 9. 0-0-0 f5 10. f3 fxe4 11. fxe4 Ne5 12. h3 Be6 13. Nd5 Bxd5 14. exd5 Nf5 15. Bf4 Ng6 16. Qe6+ Kh8 17. Bd2 Ng3 18. Bd3 Nxh1 19. Rxh1 Ne5 20. h4 Nxd3+ 21. cxd3 Qf6 22. Qg4 Qf5 23. Qc4 c6 24. dxc6 Rac8 25. Nd4 Qg4 26. Bc3 Rf4 27. Re1 Bxd4 28. cxb7 Be3+ 29. Rxe3 Rf1+ 30. Re1 Rxe1+ 31. Bxe1 Rxc4+ 0-1

[Event "Villalba op 1st"]
[Site "Villalba"]
[Date "2013.07.28"]
[Round "2.20"]
[White "Herreros Ruiz, Jorge Alejandro"]
[Black "Elizondo Marquet, Juan Marcos"]
[Result "1-0"]
[WhiteElo "1461"]
[BlackElo "1880"]
[PlyCount "147"]
[EventDate "2013.07.27"]
[EventType "swiss"]
[EventRounds "9"]
[EventCountry "ESP"]
[SourceTitle "EXT 2024"]
[Source "ChessBase"]
[SourceDate "2023.10.10"]
[SourceVersion "1"]
[SourceVersionDate "2023.10.10"]
[SourceQuality "1"]

1. d4 d5 2. c4 dxc4 3. e4 e5 4. Nf3 exd4 5. Qxd4 Qxd4 6. Nxd4 Bc5 7. Nf3 Nf6 8. Nc3 Ng4 9. Nd1 Nc6 10. h3 Nge5 11. Nxe5 Nxe5 12. Bf4 Bd6 13. Bxe5 Bxe5 14. Bxc4 Bd7 15. 0-0 b5 16. Bb3 a5 17. a3 Bc6 18. Rc1 Bb7 19. Re1 0-0 20. Rc5 Bd6 21. Rxb5 Bc6 22. Rf5 Bd7 23. Rf3 a4 24. Ba2 Be5 25. Rd3 Bc6 26. Nc3 Rab8 27. Re2 Rfe8 28. Bd5 Bxd5 29. exd5 f6 30. Rde3 Red8 31. g3 Kf7 32. Kg2 g5 33. Rf3 Kg6 34. Rd3 Rb3 35. Red2 Ra8 36. Nd1 Rb6 37. Rc2 Rab8 38. Rdd2 Rb3 39. Kf1 h5 40. Kg2 R8b7 41. Re2 R7b5 42. Red2 h4 43. gxh4 gxh4 44. Rc4 Ra5 45. Rxh4 Rbb5 46. Ne3 Rc5 47. Nc4 Ra8 48. Nxe5+ fxe5 49. Re4 Kf5 50. Rb4 Rc1 51. d6 cxd6 52. Rxd6 Rg8+ 53. Kf3 Re1 54. Rg4 e4+ 55. Kg2 Rxg4+ 56. hxg4+ Kxg4 57. Rd4 Re2 58. Rxa4 Kf5 59. Rb4 e3 60. Kf3 Rxf2+ 61. Kxe3 Rc2 62. a4 Ke6 63. Rb6+ Kd5 64. Kd3 Rc1 65. b4 Ra1 66. a5 Ra3+ 67. Kc2 Kc4 68. Kb2 Rh3 69. a6 Rh8 70. a7 Ra8 71. Rb7 Kd5 72. b5 Kd6 73. b6 Kc6 74. Rb8 1-0